| 000 | 00837nab a2200241 a 4500 | ||
|---|---|---|---|
| 005 | 20210219161822.0 | ||
| 008 | 991125s1985 mx 000 0 spa u | ||
| 035 | _aUPN01000192562 | ||
| 100 | 1 | _aEgido Gálvez, María Inmaculada | |
| 222 | 0 | _aREVISTA ESPAÑOLA DE ORIENTACION Y PSICOPEDAGOGIA | |
| 245 | 0 | 3 | _aLa inclusión social y laboral de las personas con discapacidad intelectual mediante los programas de empleo con apoyo: un reto para la orientación |
| 260 | _aMadrid, España | ||
| 300 | _a135-146 | ||
| 362 | 0 | _a2009 Vol. 20, no. 2 | |
| 653 | 0 | _aDISCAPACIDAD INTELECTUAL | |
| 653 | 0 | _aINCLUSION SOCIAL | |
| 653 | 0 | _aINSERCION LABORAL | |
| 653 | 0 | _aPROGRAMAS DE EMPLEO | |
| 700 | 1 |
_aCerrillo Martín, Rosario, _ecoaut. |
|
| 700 | 1 | _aCamina Durántez, María Asunción, | |
| 700 | 1 | _ecoaut. | |
| 905 | _aArticulo | ||
| 999 |
_c164664 _d164664 |
||